Normal view
MARC view
Entry Personal Name
001 - CONTROL NUMBER
- control field: 872144
003 - CONTROL NUMBER IDENTIFIER
- control field: OSt
005 - DATE AND TIME OF LATEST TRANSACTION
- control field: 20260114185615.0
008 - FIXED-LENGTH DATA ELEMENTS
- fixed length control field: 260114|| aca||aabn | a|a d
040 ## - CATALOGING SOURCE
- Original cataloging agency: OSt
- Transcribing agency: OSt
100 ## - HEADING--PERSONAL NAME
- Personal name: Sven Meeder
670 ## - SOURCE DATA FOUND
- Source citation: Work cat.: (OSt)1471092: Sven Meeder, The Irish Scholarly Presence at St. Gall Networks of Knowledge in the Early Middle Ages, 2018
